| 000 | 05724nam a22005417a 4500 | ||
|---|---|---|---|
| 001 | 932082432 | ||
| 003 | OCoLC | ||
| 005 | 20230110101456.0 | ||
| 006 | m o d | ||
| 007 | cr ||||||||||| | ||
| 008 | 151211t20162016paua ob 000 0 eng d | ||
| 020 | _a9780323355162 (paperback) | ||
| 020 | _z0323355161 (paperback) | ||
| 035 | _a(OCoLC)932082432 | ||
| 040 |
_aMMU _beng _erda _cMMU _dMMU |
||
| 041 | _aeng | ||
| 049 |
_aYYEA _aVZYM |
||
| 080 |
_a616.21 _bE-50 |
||
| 099 | _aINTERNET LINK | ||
| 100 |
_9233 _aMarkovchick, J. Vincent |
||
| 245 | 0 | 0 |
_aEmergency medicine secrets _c[edited by] Vincent J. Markovchick, Peter T. Pons, Katherine M. Bakes, Jennie A. Buchanan. |
| 250 | _a6th ed. | ||
| 260 |
_aPhiladelphia, PA : _bElsevier, _c[2016] |
||
| 300 |
_a1 online resource : 729 p. _billustrations. |
||
| 365 | _b43.87 usd | ||
| 490 | 1 | _aSecrets. | |
| 500 | _aEINSTEIN & MMC: available online via Clinical Key. See Reference staff for assistance. | ||
| 504 | _aIncludes bibliographical references. | ||
| 505 | 0 | _aDecision making in emergency medicine -- Management of cardiac arrest and principles of resuscitation -- Airway management -- Shock -- Emergency ultrasound -- Geriatric emergency medicine -- Palliative care and advance directives -- How to critically review emergency medicine literature -- Evidence-based rational use of diagnostic imaging -- EMTALA, the joint commission, and HIPAA -- Emergency medicine observation medicine -- Performance evaluation and improvement in emergency medicine -- Altered mental status and coma -- Fever -- Chest pain -- Abdominal pain, nausea, and vomiting -- Headache -- Syncope, vertigo, and dizziness -- Seizures -- Anaphylaxis -- Low back pain -- Nontraumatic ocular emergencies -- Nontraumatic ear, nose, and throat emergencies -- Dental and oral surgical emergencies -- Transient ischemic attack and cerebrovascular accident -- Meningitis -- Breathing and ventilation -- Asthma, chronic obstructive pulmonary disease, and pneumonia -- Venous thromboembolism -- Congestive heart failure and acute pulmonary edema -- Ischemic heart disease -- Cardiac dysrhythmias, pacemakers, and implantable defibrillators -- Hypertension, hypertensive crisis, aortic dissection, and aortic aneurysms -- Pericarditis and myocarditis -- Esophagus and stomach disorders -- Bowel disorders -- Liver and biliary tract disease -- Renal colic and scrotal pain -- Acute urinary retention -- Urinary tract infection : cystitis, pyelonephritis, and prostatitis -- Chronic kidney disease and dialysis -- Hemostasis and coagulopathies -- Sickle cell disease -- Oncologic emergencies -- Fluids and electrolytes -- Acid-base disorders -- Diabetes mellitus -- Thyroid and adrenal disorders -- Sepsis syndromes and toxic shock -- Soft-tissue infections -- Sexually transmitted diseases and human immunodeficiency virus infection -- Tetanus, botulism, and food poisoning -- Travel medicine and vector-borne diseases -- Arthritis -- Skin diseases -- Lightning and electrical injuries -- Drowning -- Hypothermia and frostbite -- Heat illness -- Altitude illness and dysbarisms -- Evaluation of fever in children younger than age three -- Seizures in infancy and childhood -- Acute respiratory disorders in children -- Pediatric gastrointestinal disorders and dehydration -- Pediatric infectious diseases -- Emergency department evaluation of child abuse -- Procedural sedation and analgesia of the pediatric patient -- Pediatric and neonatal resuscitation -- General approach to poisonings -- The alcohols : ethylene glycol, methanol, isopropyl alcohol, and alcohol-related complications -- Antipyretic poisoning -- Bites and stings -- Smoke inhalation -- Common drugs of abuse -- Cardiovascular toxicology -- Pediatric ingestions -- Pelvic inflammatory disease -- Sexual assault -- Spontaneous abortion, ectopic pregnancy, and vaginal bleeding -- Third-trimester complications and delivery -- Multiple trauma -- Maxillofacial trauma -- Cervical spine and spinal cord trauma -- Head trauma -- Traumatic ophthalmologic emergencies -- Neck trauma -- Chest trauma -- Abdominal trauma -- Pelvic fractures and genitourinary trauma -- Trauma in pregnancy -- Pediatric trauma -- Musculoskeletal trauma and hand injuries -- Burns -- Wound management -- Acute psychosis -- Depression, suicide, and posttraumatic stress disorder -- Management of the violent patient -- Intimate partner violence -- EMS medical oversight -- Disaster management -- Weapons of mass destruction -- Tactical medicine. | |
| 588 | _aDescription based on online resource; title from resource home page (ClinicalKey, viewed December 11, 2015). | ||
| 590 | _ac.1 10070102 Ritt 12/17/15 $46.99. | ||
| 650 | 2 |
_aEmergencies _vExamination Questions. |
|
| 650 | 0 |
_aMedicine _969 |
|
| 650 | 2 |
_aEmergency Medicine _vExamination Questions. |
|
| 653 | _aმედიცინა | ||
| 653 | _aგადაუდებელი მედიცინა | ||
| 655 | 7 | _aElectronic books. | |
| 700 | 1 | _aMarkovchick, Vincent J. | |
| 700 | 1 | _aPons, Peter T. | |
| 700 | 1 | _aBakes, Katherine M. | |
| 700 | 1 | _aBuchanan, Jennie A. | |
| 710 | 2 | _aClinical Key (Online Service) | |
| 776 | 0 | 8 |
_iPrint version: _tEmergency medicine secrets. _bSixth edition _dPhiladelphia, PA : Elsevier, [2016] _z9780323355162 _w(DLC) 2015038975 _w(OCoLC)923139098. |
| 830 | 0 | _aSecrets series. | |
| 856 | 4 | 0 |
_3ClinicalKey _uhttps://elibrary.einsteinmed.org/login?URL=https://www.clinicalkey.com/dura/browse/bookChapter/3-s2.0-C20140019272 _zEINSTEIN: Clinical Key ebook collection |
| 856 | 4 | 1 |
_3ClinicalKey _uhttps://www.clinicalkey.com/dura/browse/bookChapter/3-s2.0-C20140019272 _zMMC: Clinical Key ebook collection |
| 942 |
_2udc _cBK _e6 |
||
| 999 |
_c346 _d346 |
||